Statistics for Foods that Start with J

Click here to take the quiz!

General Stats

  • This quiz has been taken 247 times
  • The average score is 6 of 8

Answer Stats

Answer% Correct
Jellybean
99%
Jam
96%
Juice
96%
Jalapeno
94%
Jerky
66%
Jackfruit
62%
Jelly Donut
59%
Jalebi
17%

Score Distribution

Percentile by Number Answered

Percent of People with Each Score

Your Score History

You have not taken this quiz